00000000nem##2200000za#4500
0019.547245
003CaOODSP
00520200326232744
007aj |a|||
008150406|2009||||xxc||||   a##f  |   fre|d
020 |a978-0-660-64101-0
022 |a1915-884X
040 |aCaOODSP|bfre
041 |aeng
041 |afre
043 |an-cn---
0861 |aM116-2/115G07
1101 |aCanada.|bRessources naturelles Canada. |bCentre d'information topographique.
24510|aBurwash Landing, Yukon |h[document cartographique]
250 |aÉd. 03, version 00
255 |aÉchelle 1:50,000
260 |aOttawa - Ontario : |bRessources naturelles Canada. |c2009.
300 |a1 feuille. : |bcarte en couleur ; |c69 cm.
4901 |aCartes topographiques du Canada |x1915-884X|v115-G/7
500 |aSérie A722. Comprend une légende.
590 |a10-18|b2010-05-07
7760#|tBurwash Landing, Yukon |w(CaOODSP)9.583411
791 |tBurwash Landing, Yukon |eeng|w(CaOODSP)9.547244
830#0|aCartes topographiques du Canada,|x1915-884X|v115-G/7|w(CaOODSP)9.511451